<?xml version="1.0" encoding="UTF-8"?>
<record
    xmlns:xsi="http://www.w3.org/2001/XMLSchema-instance"
    xsi:schemaLocation="http://www.loc.gov/MARC21/slim http://www.loc.gov/standards/marcxml/schema/MARC21slim.xsd"
    xmlns="http://www.loc.gov/MARC21/slim">

  <leader>00821na  a2200265   4500</leader>
  <controlfield tag="001">19454</controlfield>
  <controlfield tag="003">MIRAKIL</controlfield>
  <controlfield tag="005">20181213155106.0</controlfield>
  <controlfield tag="008">161214b        tu            000 0      </controlfield>
  <datafield tag="040" ind1=" " ind2=" ">
    <subfield code="a">Milas</subfield>
    <subfield code="b">tur</subfield>
    <subfield code="c">TR-AnCHP</subfield>
  </datafield>
  <datafield tag="041" ind1=" " ind2=" ">
    <subfield code="a">tur</subfield>
  </datafield>
  <datafield tag="082" ind1=" " ind2=" ">
    <subfield code="a">370.19</subfield>
    <subfield code="b">B37 1982</subfield>
  </datafield>
  <datafield tag="090" ind1=" " ind2=" ">
    <subfield code="a">370.19 B37 1982</subfield>
  </datafield>
  <datafield tag="245" ind1=" " ind2=" ">
    <subfield code="a">Be&#x15F;inci Be&#x15F; Y&#x131;ll&#x131;k Kalk&#x131;nma Plan&#x131; haz&#x131;rl&#x131;k &#xE7;al&#x131;&#x15F;malar&#x131;</subfield>
    <subfield code="b">E&#x11F;itim sekt&#xF6;r raporu</subfield>
    <subfield code="c">Yahya K. Kaya, ...[ve &#xF6;te.]</subfield>
  </datafield>
  <datafield tag="260" ind1=" " ind2=" ">
    <subfield code="a">Ankara</subfield>
    <subfield code="b">DPT</subfield>
    <subfield code="c">1982</subfield>
  </datafield>
  <datafield tag="300" ind1=" " ind2=" ">
    <subfield code="a">462 s.</subfield>
    <subfield code="c">25 sm.</subfield>
  </datafield>
  <datafield tag="440" ind1=" " ind2=" ">
    <subfield code="a">DPT</subfield>
    <subfield code="v">1857</subfield>
  </datafield>
  <datafield tag="490" ind1=" " ind2=" ">
    <subfield code="a">SPB</subfield>
    <subfield code="v">362</subfield>
  </datafield>
  <datafield tag="650" ind1=" " ind2=" ">
    <subfield code="a">Kalk&#x131;nma planlar&#x131;</subfield>
    <subfield code="x">E&#x11F;itim</subfield>
  </datafield>
  <datafield tag="650" ind1=" " ind2=" ">
    <subfield code="a">Be&#x15F; y&#x131;ll&#x131;k kalk&#x131;nma planlar&#x131;</subfield>
    <subfield code="x">E&#x11F;itim</subfield>
    <subfield code="y">Raporlar</subfield>
  </datafield>
  <datafield tag="700" ind1=" " ind2=" ">
    <subfield code="a">Kaya, Yahya K.</subfield>
  </datafield>
  <datafield tag="830" ind1=" " ind2=" ">
    <subfield code="a">Sosyal Planlama Ba&#x15F;kanl&#x131;&#x11F;&#x131;</subfield>
  </datafield>
  <datafield tag="830" ind1=" " ind2=" ">
    <subfield code="a">Devlet Planlama Te&#x15F;kilat&#x131; Yay&#x131;nlar&#x131;</subfield>
  </datafield>
  <datafield tag="942" ind1=" " ind2=" ">
    <subfield code="2">ddc</subfield>
    <subfield code="c">BKS</subfield>
  </datafield>
  <datafield tag="952" ind1=" " ind2=" ">
    <subfield code="a">0001</subfield>
    <subfield code="b">0001</subfield>
    <subfield code="d">2016-12-14</subfield>
    <subfield code="e">2</subfield>
    <subfield code="l">0</subfield>
    <subfield code="o">370.19 B37 1982</subfield>
    <subfield code="p">011577</subfield>
    <subfield code="r">2016-12-14 00:00:00</subfield>
    <subfield code="v">0.00</subfield>
    <subfield code="w">2016-12-14</subfield>
    <subfield code="y">BKS</subfield>
  </datafield>
  <datafield tag="999" ind1=" " ind2=" ">
    <subfield code="c">6388</subfield>
    <subfield code="d">6388</subfield>
  </datafield>
</record>
